Introducción a la ciencia de los materiales / (Registro nro. 8532)

Detalles MARC
000 -CABECERA
Campo de control interno 01774nam a2200241Ia 4500
008 - ELEMENTOS DE LONGITUD FIJA - INFORMACIÓN GENERAL
Campo de control de longitud fija 260220t1981||||xx |||||||||||||| ||spa||
040 ## - FUENTE DE CATALOGACIÓN
Agencia de catalogación original PY-SlUNAC
Idioma de catalogación spa
Convenciones de descripción rda
041 ## - CÓDIGO DE IDIOMA
Código de idioma para texto/pista de sonido o título separado spa
082 ## - NÚMERO DE CLASIFICACIÓN DECIMAL DEWEY
Clasificación Decimal Dewey (CDD) 620.112
Clasificación Expansiva de Cutter (EC) B794i
100 ## - ASIENTO PRINCIPAL - NOMBRE PERSONAL
Nombre personal Brostow, Witold
Rol del autor Autor
245 #0 - TÍTULO
Título Introducción a la ciencia de los materiales /
Mención de responsabilidad por Witold Brostow [Autor]
264 ## - PIE DE IMPRENTA
Lugar Ciudad de México :
Editorial Limusa,
Año ℗1981.
300 ## - DESCRIPCIÓN FÍSICA
Páginas 1 volumen
520 ## - NOTA DE RESUMEN
Nota de resumen En "Introducción a la ciencia de los materiales", Witold Brostow ofrece una visión integral sobre las propiedades, estructuras y aplicaciones de diversos materiales, abarcando desde metales y cerámicas hasta polímeros y compuestos. El autor destaca la interrelación entre la estructura atómica y las características macroscópicas, enfatizando la importancia de la comprensión de estos principios para el desarrollo de nuevos materiales. A lo largo del texto, se presentan conceptos fundamentales como la elasticidad, la plasticidad, la conductividad y la resistencia, ilustrados con ejemplos prácticos y estudios de caso que facilitan la comprensión de los temas tratados. Brostow también aborda las técnicas modernas de caracterización de materiales, así como las tendencias actuales en la investigación y desarrollo en este campo. Con un enfoque didáctico, el libro se convierte en una herramienta valiosa para estudiantes e investigadores que buscan profundizar en la ciencia de los materiales y su impacto en la tecnología y la industria.
653 ## - MATERIA - TÉRMINO TEMÁTICO NO CONTROLADO (PALABRAS CLAVE)
Materia - término temático no controlado (palabras clave) Ciencia de los materiales
653 ## - MATERIA - TÉRMINO TEMÁTICO NO CONTROLADO (PALABRAS CLAVE)
Materia - término temático no controlado (palabras clave) Ingeniería de materiales
653 ## - MATERIA - TÉRMINO TEMÁTICO NO CONTROLADO (PALABRAS CLAVE)
Materia - término temático no controlado (palabras clave) Materiales
942 ## - ELEMENTOS PERSONALIZADOS (KOHA)
Fecha catalogación 2026/02/17
Tipo de documento Libros
Existencias
Fuente de Clasificacion Colección Ubicacion permanente Biblioteca actual Fecha de Ingreso a la Biblioteca Origen de adquisición Código de ubicación Código de barras Tipo de Item KOHA Nota pública
Dewey Decimal Classification Colección General (CG) Biblioteca e Internet, Facultad de Ciencias Exactas y Naturales Biblioteca e Internet, Facultad de Ciencias Exactas y Naturales 02/20/2026 Donación 620.112 B794i CG1892 Libros Material disponible en la Biblioteca e Intenet, Campus UNA, San Lorenzo.